Films de Morgan Freeman en images - Statistiques

Statistiques générales
  • Ce quiz a été pris 182 fois
  • Le résultat moyen est 5 sur 16
Statistiques - réponses
Par images Réponse % Correct
Les Évadés
92%
Seven
77%
Invictus
64%
Lucy
58%
Bruce tout-puissant
55%
Insaisissables
47%
The Dark Knight
39%
Miss Daisy et son chauffeur
25%
Red
20%
Braquage à l'ancienne
16%
Impitoyable
15%
Le masque de l'araignée
14%
Glory
11%
Sans plus attendre
6%
Last Vegas
5%
L'incroyable défi
1%
Aucun quiz correspondant
Distribution des résultats
% des personnes avec chaque résultat
Percentile par nombre de réponses
Votre historique - résultats
Vous n’avez pas pris ce quiz